Statistics for Call of Duty: Modern Warfare 2 Maps

Click here to take the quiz!

General Stats

  • This quiz has been taken 5,751 times
    (5,747 since last reset)
  • The average score is 10 of 16

Answer Stats

First LetterMap% Correct
RRust
86%
TTerminal
81%
AAfghan
78%
HHighrise
76%
FFavela
74%
WWasteland
71%
QQuarry
66%
UUnderpass
64%
KKarachi
63%
EEstate
60%
DDerail
59%
SSkidrow
49%
SScrapyard
48%
SSub Base
48%
RRundown
45%
IInvasion
44%

Score Distribution

Percentile by Number Answered

Percent of People with Each Score

Your Score History

You have not taken this quiz since the last reset